00266 a2200109 4500001000700000020000600007040001100013100004400024240004200068245003700110362000900147170268 a  cMagnum aColegio Magnum Agostiniano - 2ยช Series10aProjeto cientifico de matematicalpor10aProjeto cientifico de matematica0 a1899